Guess the Song by Emoji - Statistics

General Stats
  • This quiz has been taken 141 times
  • The average score is 5 of 11
Answer Stats
Hint Answer % Correct
πŸ’ŽπŸ’Ž Diamonds
91%
πŸ˜ƒ Happy
81%
πŸ΅πŸ’ƒ Dance Monkey
77%
πŸŸͺπŸ’§ Purple Rain
69%
πŸŽ‡ Firework
66%
πŸ€΄πŸ‘Έ Kings and Queens
55%
β˜• Espresso
38%
🍭😴 Sweet Dreams
24%
βŒπŸ›‘πŸ€― Don't Stop Believin'
16%
πŸ‘Ό4οΈβƒ£πŸ‘‡ Good for You
3%
πŸ‘‹πŸ• Welcome to the Jungle
2%
No matching quizzes found
Score Distribution
Percent of People with Each Score
Percentile by Number Answered
Your Score History
You have not taken this quiz